Plan making manual (Record no. 108311)

MARC details
000 -LEADER
fixed length control field 01360cad a22002415a 4500
001 - CONTROL NUMBER
control field L143897
008 - FIXED-LENGTH DATA ELEMENTS--GENERAL INFORMATION
fixed length control field 080605s2008 xxk f f000 0 eng d
035 ## - SYSTEM CONTROL NUMBER
System control number (Sirsi) u143897
041 0# - LANGUAGE CODE
Language code of text/sound track or separate title eng
050 04 - LIBRARY OF CONGRESS CALL NUMBER
Classification number 711.1 $2 18
110 1# - MAIN ENTRY--CORPORATE NAME
Corporate name or jurisdiction name as entry element United Kingdom
Subordinate unit Department for Communities and Local Government
9 (RLIN) 4939
245 00 - TITLE STATEMENT
Title Plan making manual
Medium [electronic resource]
260 ## - PUBLICATION, DISTRIBUTION, ETC.
Place of publication, distribution, etc. [S.l.]
Name of publisher, distributor, etc. Planning Advisory Service
Date of publication, distribution, etc. 2008
520 ## - SUMMARY, ETC.
Summary, etc. Offers guidance on creating local development frameworks, including good practice from councils. Aimed at planning authorities and intended to supplement the government's planning policy guidance statement (L143896). Includes an overview of that document, guidance on providing transitional arrangements and preparing the document. Details the process for publication and submission of the completed document. Covers management and development of the core planning strategy.
590 ## - LOCAL NOTE (RLIN)
Local note KA NTK
650 24 - SUBJECT ADDED ENTRY--TOPICAL TERM
Topical term or geographic name entry element PLANNING POLICY STATEMENT 12
650 24 - SUBJECT ADDED ENTRY--TOPICAL TERM
Topical term or geographic name entry element TOWN AND COUNTRY PLANNING (LOCAL DEVELOPMENT) (ENGLAND) REGULATIONS 2004
651 #4 - SUBJECT ADDED ENTRY--GEOGRAPHIC NAME
Geographic name United Kingdom
Chronological subdivision
690 ## - LOCAL SUBJECT ADDED ENTRY--TOPICAL TERM (OCLC, RLIN)
Topical term or geographic name as entry element ENVIRONMENTAL AND LAND CONSULTANCY-PLANNING AND DEVELOPMENT-PLANNING GUIDANCE
710 2# - ADDED ENTRY--CORPORATE NAME
Corporate name or jurisdiction name as entry element Planning Advisory Service
9 (RLIN) 5078
856 40 - ELECTRONIC LOCATION AND ACCESS
Uniform Resource Identifier <a href="https://www.pas.gov.uk/planmakingmanual">https://www.pas.gov.uk/planmakingmanual</a>
Public note View the manual free of charge at www.pas.gov.uk...
942 ## - ADDED ENTRY ELEMENTS (KOHA)
Suppress in OPAC 0
Holdings
Withdrawn status Lost status Source of classification or shelving scheme Damaged status Not for loan Home library Current library Shelving location Date acquired Total Checkouts Full call number Barcode Date last seen Copy number Price effective from Koha item type
    Dewey Decimal Classification     Virtual Virtual Online 05/06/2008   ONLINE PUBLICATION 143897-1001 06/08/2019 1 06/08/2019 Online material